Gyors Gépelés 1-100 - Statistics

General Stats
  • This quiz has been taken 91 times
  • The average score is 74 of 100
Answer Stats
# % Correct
1
100%
10
100%
11
100%
12
100%
2
100%
3
100%
34
100%
4
100%
5
100%
6
100%
7
100%
8
100%
9
100%
13
96%
14
96%
15
96%
16
96%
17
96%
18
96%
19
96%
21
96%
22
96%
23
96%
24
96%
25
96%
26
96%
27
96%
28
96%
29
96%
31
96%
32
96%
33
96%
35
96%
20
93%
30
93%
36
93%
37
93%
38
93%
39
93%
42
93%
44
93%
41
89%
43
89%
45
89%
46
89%
40
86%
48
86%
47
82%
49
75%
52
75%
53
75%
54
75%
55
75%
50
71%
51
71%
56
71%
57
68%
58
68%
59
68%
63
68%
67
68%
60
64%
61
64%
62
64%
64
64%
78
64%
65
61%
66
61%
68
61%
69
61%
72
61%
73
61%
70
57%
75
57%
77
57%
82
57%
71
54%
74
54%
76
54%
79
54%
80
54%
81
54%
83
54%
84
54%
85
43%
88
43%
86
39%
87
39%
89
39%
91
36%
93
36%
96
36%
99
36%
90
32%
92
32%
94
32%
95
32%
97
32%
98
32%
100
21%
No matching quizzes found
Score Distribution
Percent of People with Each Score
Percentile by Number Answered
Your Score History
You have not taken this quiz